Statistics for Among Us Mira HQ Locations Map Quiz

Click here to take the quiz!

General Stats

  • This quiz has been taken 2,027 times
  • The average score is 9 of 12

Answers on the Map

Answers color-coded by a green-red scale on the quiz's map according to % correct below.
 

Answer Stats

Answer% Correct
Launchpad
85%
Cafeteria
84%
Greenhouse
82%
Balcony
79%
MedBay
79%
Reactor
79%
Laboratory
75%
Admin
74%
Storage
74%
Locker Room
73%
Office
64%
Communications
60%

Score Distribution

Percentile by Number Answered

Percent of People with Each Score

Your Score History

You have not taken this quiz